Kamus perakaunan

Bibliographic Details
Other Authors: Fadilah Jasmani (Editor), Takiah Mohd. Iskandar (Editor)
Format: Book
Language:English
Published: Kuala Lumpur : Dewan Bahasa dan Pustaka 1991
Subjects:

MARC

LEADER 00000cam a2200000 7i4500
001 0000008044
005 20240913.0
008 010105 my eng
020 |a 9836221891 (pbk) 
040 |a INS   |b eng   |e rda 
090 0 0 |a RPL5087.3.A17   |b .K36 1991 
245 0 0 |a Kamus perakaunan   |c penyusun Takiah Mohd. Iskandar   |f ketua editor Fadilah Jasmani 
264 1 |a Kuala Lumpur :   |b Dewan Bahasa dan Pustaka   |c 1991 
264 4 |c ©1991 
300 |a 322 pages ;   |c 22 cm. 
336 |a text  |2 rdacontent 
337 |a unmediated  |2 rdamedia 
338 |a volume  |2 rdacarrier 
504 |a Includes bibliographical references 
650 0 |a Accounting   |x Dixtionaries 
700 0 |a Fadilah Jasmani ,   |e editor 
700 0 |a Takiah Mohd. Iskandar ,   |e editor 
999 |a 0000004362   |b BOOK   |c Red Spot   |e Default branch